[Event "IECC CL4-2003.03 email"]
[Site "IECC email"]
[Date "2003.02.16"]
[Round "?"]
[White "Dijk, Sas N"]
[Black "Sala, Stefano"]
[Result "1-0"]
[WhiteElo "1671"]
[BlackElo "1619"]
[PlyCount "23"]
[EventDate "2003.??.??"]
[EventType "tourn (corr)"]
[EventRounds "4"]
[SourceTitle "Corr 2008"]
[Source "ChessBase"]
[SourceDate "2008.06.24"]
[SourceVersion "1"]
[SourceVersionDate "2008.06.24"]
[SourceQuality "1"]

1. c4 c5 2. Nc3 Nc6 3. g3 g6 4. Bg2 Bg7 5. a3 a6 6. Rb1 Rb8 7. b4 cxb4 8. axb4 b5 9. cxb5 axb5 10. e3 e6 11. Nge2 Nge7 12. 0-0 1-0

[Event "IECC CL4-2002.01"]
[Site "IECC email"]
[Date "2002.01.08"]
[Round "?"]
[White "Dijk, Sas N"]
[Black "Butterworth, Joseph"]
[Result "1/2-1/2"]
[WhiteElo "1679"]
[BlackElo "1672"]
[PlyCount "86"]
[EventDate "2002.??.??"]
[EventType "tourn (corr)"]
[EventRounds "4"]
[SourceTitle "Corr 2008"]
[Source "ChessBase"]
[SourceDate "2008.06.24"]
[SourceVersion "1"]
[SourceVersionDate "2008.06.24"]
[SourceQuality "1"]

1. c4 e5 2. Nc3 Nc6 3. Nf3 Nf6 4. d4 exd4 5. Nxd4 Bb4 6. Bg5 h6 7. Bh4 Bxc3+ 8. bxc3 d6 9. f3 Ne5 10. e4 Ng6 11. Bf2 0-0 12. Qd2 Nd7 13. Rd1 Re8 14. Be2 Nb6 15. 0-0 Ne5 16. c5 dxc5 17. Nb5 Qe7 18. Qf4 a6 19. Na3 Ng6 20. Qg3 Be6 21. c4 Na4 22. f4 Nf8 23. Rb1 b6 24. Bd1 Bd7 25. Bc2 Bc6 26. Rfe1 Ne6 27. Bd3 Nd4 28. e5 Nc3 29. Rb2 Rad8 30. Bxd4 cxd4 31. Nb1 Na4 32. Rd2 Nc5 33. Bc2 b5 34. cxb5 Bxb5 35. Na3 d3 36. Bd1 Ne4 37. Rxe4 Qxa3 38. f5 Qf8 39. Bb3 Qc5+ 40. Kh1 Rd4 41. f6 g5 42. Qg4 Rxe4 43. Qxe4 Re6 1/2-1/2

[Event "IECC CL4-2001.02"]
[Site "IECC email"]
[Date "2001.01.11"]
[Round "?"]
[White "Dijk, Sas N"]
[Black "Briceno Ochoa, Jose Antonio"]
[Result "1/2-1/2"]
[WhiteElo "1742"]
[BlackElo "1599"]
[PlyCount "66"]
[EventDate "2001.??.??"]
[EventType "tourn (corr)"]
[EventRounds "4"]
[SourceTitle "Corr 2008"]
[Source "ChessBase"]
[SourceDate "2008.06.24"]
[SourceVersion "1"]
[SourceVersionDate "2008.06.24"]
[SourceQuality "1"]

1. c4 Nf6 2. Nc3 e6 3. d4 Bb4 4. Bg5 c5 5. e4 cxd4 6. Qxd4 Nc6 7. Qe3 e5 8. Be2 Nd4 9. Qc1 Nxe2 10. Ngxe2 0-0 11. 0-0 Be7 12. Bxf6 Bxf6 13. Nd5 Bg5 14. f4 exf4 15. Nexf4 Bh6 16. Qc3 d6 17. Qg3 Be6 18. Rad1 Bxf4 19. Qxf4 Bxd5 20. Rxd5 Qb6+ 21. Qf2 Qxf2+ 22. Rxf2 Rae8 23. Rxd6 Rxe4 24. Rd7 Rxc4 25. Rxb7 Rc1+ 26. Rf1 Rc2 27. Rxa7 Rxb2 28. a4 h5 29. h3 g6 30. a5 Ra2 31. a6 Rb8 32. Rfxf7 Rb1+ 33. Kh2 Rxa6 1/2-1/2

[Event "IECC CL4-2001.02"]
[Site "IECC email"]
[Date "2001.01.11"]
[Round "?"]
[White "Schalkwijk, Peter H"]
[Black "Dijk, Sas N"]
[Result "0-1"]
[WhiteElo "1722"]
[BlackElo "1735"]
[PlyCount "96"]
[EventDate "2001.??.??"]
[EventType "tourn (corr)"]
[EventRounds "4"]
[SourceTitle "Corr 2008"]
[Source "ChessBase"]
[SourceDate "2008.06.24"]
[SourceVersion "1"]
[SourceVersionDate "2008.06.24"]
[SourceQuality "1"]

1. e4 e6 2. d3 d5 3. Nd2 c5 4. g3 Nc6 5. Bg2 d4 6. f4 e5 7. Ne2 Bd6 8. 0-0 f6 9. f5 Nge7 10. a3 Qc7 11. c3 b6 12. Nc4 0-0 13. Qb3 Kh8 14. g4 Ba6 15. Nxd6 Qxd6 16. c4 Rab8 17. Rb1 b5 18. cxb5 Bxb5 19. Rf3 c4 20. dxc4 Na5 21. Qb4 Qxb4 22. axb4 Nxc4 23. Ra1 a6 24. Ng3 Rfc8 25. Bf1 Nd6 26. h4 Rc2 27. Bxb5 axb5 28. Rf2 Rbc8 29. Rxc2 Rxc2 30. g5 Kg8 31. b3 Nc6 32. gxf6 gxf6 33. Bh6 Kf7 34. Kf1 Ke7 35. Ra3 Nf7 36. Bg7 d3 37. Ra1 d2 38. Rd1 Nd4 39. Kf2 Nxb3 40. Ke2 Nd6 41. Bh6 Nc4 42. Nf1 Nb2 43. Rxd2 Nxd2 44. Bxd2 Nc4 45. Kd3 Nxd2 46. Nxd2 Rc1 47. Ke2 Rh1 48. Nf3 Rb1 0-1

[Event "IECC CL4-1999.28"]
[Site "IECC email"]
[Date "1999.07.09"]
[Round "?"]
[White "Sawaski, James H"]
[Black "Dijk, Sas N"]
[Result "1-0"]
[WhiteElo "1716"]
[BlackElo "1786"]
[PlyCount "61"]
[EventDate "1999.??.??"]
[EventType "tourn (corr)"]
[EventRounds "4"]
[SourceTitle "Corr 2008"]
[Source "ChessBase"]
[SourceDate "2008.06.24"]
[SourceVersion "1"]
[SourceVersionDate "2008.06.24"]
[SourceQuality "1"]

1. e4 e6 2. d3 d5 3. Nd2 Nf6 4. g3 dxe4 5. dxe4 e5 6. Ngf3 Bg4 7. Bg2 Nc6 8. 0-0 Bc5 9. h3 Bh5 10. c3 0-0 11. b4 Bd6 12. Qe2 a6 13. Rd1 Qe7 14. a4 Qe6 15. Nc4 Bxf3 16. Bxf3 Qxh3 17. Nxd6 cxd6 18. Rxd6 Qc8 19. Bg5 Ne8 20. Rd3 h6 21. Bg4 Qb8 22. Be3 Nf6 23. Rad1 Nxe4 24. b5 axb5 25. axb5 Na5 26. Bf5 Nf6 27. Rd6 Qc7 28. Rxf6 Rfd8 29. Rxh6 Rxd1+ 30. Qxd1 Nb3 31. Qh5 1-0

[Event "IECC CL3-1998.26"]
[Site "IECC email"]
[Date "1998.10.03"]
[Round "?"]
[White "Dijk, Sas N"]
[Black "Heichal, Gideon"]
[Result "1/2-1/2"]
[WhiteElo "1680"]
[BlackElo "1892"]
[PlyCount "34"]
[EventDate "1998.??.??"]
[EventType "tourn (corr)"]
[EventRounds "4"]
[SourceTitle "Corr 2008"]
[Source "ChessBase"]
[SourceDate "2008.06.24"]
[SourceVersion "1"]
[SourceVersionDate "2008.06.24"]
[SourceQuality "1"]

1. c4 Nf6 2. Nc3 e5 3. Nf3 Nc6 4. d4 exd4 5. Nxd4 Nxd4 6. Qxd4 d6 7. Nd5 Be7 8. Nxe7 Qxe7 9. Bg5 Bf5 10. f3 c5 11. Bxf6 gxf6 12. Qf4 Bg6 13. Rd1 0-0-0 14. Rd5 f5 15. g3 Rhe8 16. h4 h5 17. Rh2 Qe3 1/2-1/2

[Event "IECC CL3-1998.17"]
[Site "IECC email"]
[Date "1998.06.22"]
[Round "?"]
[White "Dijk, Sas N"]
[Black "Mueller, Robert"]
[Result "1/2-1/2"]
[WhiteElo "1648"]
[BlackElo "2086"]
[PlyCount "88"]
[EventDate "1998.??.??"]
[EventType "tourn (corr)"]
[EventRounds "4"]
[SourceTitle "Corr 2008"]
[Source "ChessBase"]
[SourceDate "2008.06.24"]
[SourceVersion "1"]
[SourceVersionDate "2008.06.24"]
[SourceQuality "1"]

1. c4 e5 2. Nc3 Nf6 3. Nf3 Nc6 4. d4 exd4 5. Nxd4 Bb4 6. Bg5 h6 7. Bh4 Bxc3+ 8. bxc3 Ne5 9. f4 Ng6 10. Bxf6 Qxf6 11. g3 0-0 12. Bg2 c5 13. Nb5 a6 14. Nd6 Qxc3+ 15. Kf2 Rb8 16. Rb1 Ne7 17. Rb6 Qa5 18. Qb1 Nc6 19. Nf5 Nd4 20. Nxh6+ Kh8 21. Bd5 f5 22. Nf7+ Kg8 23. Ng5+ Kh8 24. Rb2 Qd8 25. Nf7+ Rxf7 26. Bxf7 Qf6 27. Bd5 b5 28. e3 Nc6 29. cxb5 Nb4 30. Rd1 Rxb5 31. Rb3 a5 32. Bc4 Rb6 33. Rd2 d5 34. Bxd5 Rd6 35. Qd1 Qd8 36. Rbd3 Nxd3+ 37. Rxd3 g6 38. e4 Ba6 39. e5 Rd7 40. e6 Rd6 41. Qe1 Rxe6 42. Qxe6 Bxd3 43. Ke3 Bb5 44. Qf7 Qe8+ 1/2-1/2

[Event "IECC CL3-1998.17"]
[Site "IECC email"]
[Date "1998.06.22"]
[Round "?"]
[White "Dijk, Sas N"]
[Black "Wenger, Joseph"]
[Result "1/2-1/2"]
[WhiteElo "1644"]
[BlackElo "1736"]
[PlyCount "56"]
[EventDate "1998.??.??"]
[EventType "tourn (corr)"]
[EventRounds "4"]
[SourceTitle "Corr 2008"]
[Source "ChessBase"]
[SourceDate "2008.06.24"]
[SourceVersion "1"]
[SourceVersionDate "2008.06.24"]
[SourceQuality "1"]

1. c4 c6 2. d4 d5 3. cxd5 cxd5 4. Nc3 Nf6 5. Bg5 e6 6. Rc1 Nc6 7. Nf3 Be7 8. Qb3 0-0 9. e3 Bd7 10. Bd3 Rc8 11. 0-0 Na5 12. Qc2 h6 13. Bh4 Nc6 14. a3 Na5 15. Ne5 Nc6 16. f4 a6 17. Rf3 Qc7 18. f5 Be8 19. Rcf1 Kh8 20. fxe6 fxe6 21. Qf2 Nxe5 22. dxe5 Qxe5 23. Bg3 Qh5 24. Ne2 Bf7 25. Nf4 Qg4 26. h3 Qg5 27. Bh4 Qe5 28. Bg3 Qg5 1/2-1/2